| 000 | 00638nam a22002057a 4500 | ||
|---|---|---|---|
| 005 | 20140310183639.0 | ||
| 008 | 131214b xxu||||| |||| 00| 0 eng d | ||
| 020 | _a9781466501331 | ||
| 050 |
_aTK 5105.59 _b.K86 2013 |
||
| 100 | _aKostopoulos, George K. | ||
| 245 |
_aCyberspace and cybersecurity / _cGeorge K. Kostopoulos. |
||
| 260 |
_aBoca Raton, Fl. : _bCRC Press, _c2013. |
||
| 300 |
_axvii, 218 p. : _bill. ; _c24 cm. |
||
| 504 | _aIncludes Bibliographic References and Index. | ||
| 521 | _aIT | ||
| 650 | _aComputer security. | ||
| 650 |
_aCyberspace _xSecurity measures. |
||
| 942 |
_2lcc _cBK _kFOR |
||
| 999 |
_c25788 _d25788 |
||